Pays ayant la plus grande population qui vit sur des îles - Statistiques

Statistiques générales
  • Ce quiz a été pris 108 fois
  • Le résultat moyen est 16 sur 20
Statistiques - réponses
Hab. Pays % Correct
278 M Indonésie
97%
123 M Japon
97%
68.3 M Royaume Uni
92%
15.1 M États-Unis
91%
30.4 M Madagascar
88%
20.3 M Chine
86%
118 M Philippines
86%
4.35 M Canada
84%
24.4 M Inde
82%
5.25 M Nouvelle-Zélande
82%
21.9 M Sri Lanka
79%
11.2 M Cuba
77%
5.06 M Irlande
76%
7.66 M Malaisie
76%
6.48 M Italie
71%
23.9 M Taïwan
69%
10.4 M Papouasie-Nouvelle-Guinée
68%
11.8 M Haïti
67%
11.4 M République Dominicaine
65%
6.02 M Singapour
53%
Aucun quiz correspondant
Distribution des résultats
% des personnes avec chaque résultat
Percentile par nombre de réponses
Votre historique - résultats
Vous n’avez pas pris ce quiz